| 000 | 00701nam a2200217Ii 4500 | ||
|---|---|---|---|
| 003 | JO-AjNU | ||
| 008 | 230606s9999||||xx |||||||||||||| ||und|| | ||
| 017 | _a2011/11/4084 | ||
| 040 |
_aJO-AjNU _beng _erda _cJO-AjNU |
||
| 041 | _aeng | ||
| 050 | 1 | 4 | _aBP44.R53 2011 |
| 100 | 3 |
_aal-Rimawi, Muhammad, _eauthor _92394 |
|
| 245 | 0 | 0 | _aMethodology of Ethical Education in Islam= دليل المنهاج التربوي الشامل في الإسلام |
| 250 | _a2nd Edition | ||
| 264 | 3 | 1 | _aAmman: writer, 2011 |
| 300 | _a356p | ||
| 336 |
_atext _btxt _2rdacontent |
||
| 337 |
_aunmediated _bn _2rdamedia |
||
| 338 |
_avolume _bnc _2rdacarrier |
||
| 650 | 4 |
_aEducation - Religious aspects - Islam _92395 |
|
| 999 |
_aE1255 _c1255 _d1255 |
||